| 000 | 01046nac a22002651i 4500 | ||
|---|---|---|---|
| 003 | EG-ScBUE | ||
| 005 | 20231126132304.0 | ||
| 008 | 121216s2004 ua a f b 000 0 ara d | ||
| 017 | _a2004 / 3494 | ||
| 020 | _a9771712772 | ||
| 040 |
_aEG-ScBUE _bara _erda _cEG-ScBUE _dEG-ScBUE |
||
| 082 | 0 | 4 |
_a932.022 _bي و س _222 |
| 100 | 1 |
_aيوسف، حسين، _eمؤلف. _931719 |
|
| 245 | 1 | 0 |
_aتاريخ وآثار مصر في عصر الرومان / _cد. حسين يوسف، د. حسن الإبياري. |
| 264 | 1 |
_aالفيوم، مصر : _bدار العلم، _c[2004] |
|
| 300 |
_a289 صفحة : _bإيضاحيات ؛ _c24 سم |
||
| 336 |
_2rdacontent _aنص _btxt |
||
| 337 |
_aبدون وسيط _2rdamedia _bn |
||
| 338 |
_aمجلد _bnc _2rdacarrier |
||
| 504 | _aيشتمل على إرجاعات ببليوجرافية. | ||
| 651 | 7 |
_aمصر القديمة _xتاريخ _yالعصر الرومانى (30 ق.م.-642 م.). _2BUEsh _931720 |
|
| 655 | _vReading book | ||
| 700 | 1 |
_aالإبياري، حسن، _eمؤلف. _931721 |
|
| 942 |
_cBB _2ddc |
||
| 999 |
_c5548 _d5548 |
||